000
00312nam a2200133Ia 4500
008
220216s9999 xx 000 0 und d
100
_a
Haridas G
245
0
_a
Irrigation of rubber nurseries
260
_b
Planters Bulletin
_c
1985
300
_a
91-99
650
_a
Irrigation
650
_a
Rubber
942
_c
JS
999
_c
61685
_d
61685